The pharmacy informatics primer / (Record no. 13672)
[ view plain ]
| 000 -LEADER | |
|---|---|
| fixed length control field | 00809cam a22002294a 4500 |
| 003 - CONTROL NUMBER IDENTIFIER | |
| control field | OSt |
| 005 - DATE AND TIME OF LATEST TRANSACTION | |
| control field | 20140310182450.0 |
| 008 - FIXED-LENGTH DATA ELEMENTS--GENERAL INFORMATION | |
| fixed length control field | 080815s2009 mdua b 001 0 eng |
| 010 ## - LIBRARY OF CONGRESS CONTROL NUMBER | |
| LC control number | 2008036537 |
| 020 ## - INTERNATIONAL STANDARD BOOK NUMBER | |
| International Standard Book Number | 9789746522472 |
| 050 00 - LIBRARY OF CONGRESS CALL NUMBER | |
| Classification number | RS 122.2 |
| Item number | .P44 2008 |
| 245 04 - TITLE STATEMENT | |
| Title | The pharmacy informatics primer / |
| Statement of responsibility, etc | edited by; Doina Dumitru ; with a foreward by Karl Gumpper. |
| 260 ## - PUBLICATION, DISTRIBUTION, ETC. (IMPRINT) | |
| Place of publication, distribution, etc | Bethesda, Md. : |
| Name of publisher, distributor, etc | American Society of Health-System Pharmacists, |
| Date of publication, distribution, etc | c2009. |
| 300 ## - PHYSICAL DESCRIPTION | |
| Extent | 251 p. : |
| Other physical details | ill. ; |
| Dimensions | 26 cm. |
| 650 #0 - SUBJECT ADDED ENTRY--TOPICAL TERM | |
| Topical term or geographic name as entry element | Pharmacy informatics. |
| 9 (RLIN) | 8092 |
| 650 #0 - SUBJECT ADDED ENTRY--TOPICAL TERM | |
| Topical term or geographic name as entry element | Information organization |
| General subdivision | Computer programs. |
| 9 (RLIN) | 8093 |
| 700 1# - ADDED ENTRY--PERSONAL NAME | |
| Personal name | Dumitru, Doina. |
| 9 (RLIN) | 8094 |
| 856 41 - ELECTRONIC LOCATION AND ACCESS | |
| Materials specified | Table of contents only |
| Uniform Resource Identifier | <a href="http://www.loc.gov/catdir/toc/ecip0826/2008036537.html">http://www.loc.gov/catdir/toc/ecip0826/2008036537.html</a> |
| 942 ## - ADDED ENTRY ELEMENTS (KOHA) | |
| Source of classification or shelving scheme | Library of Congress Classification |
| Koha item type | |
| Withdrawn status | Lost status | Source of classification or shelving scheme | Damaged status | Home library | Current library | Shelving location | Date acquired | Total Checkouts | Total Renewals | Full call number | Barcode | Date last seen | Date checked out | Copy number | Price effective from | Koha item type |
|---|---|---|---|---|---|---|---|---|---|---|---|---|---|---|---|---|
| Library of Congress Classification | South SEED-LPDH College Library | South SEED-LPDH College Library | South SEED-LPDH College Section | 08/05/2013 | 4 | 21 | RS 122.2 .P44 2008 | SSLC0891 | 05/15/2018 | 01/16/2018 | 1 | 08/05/2013 | Books | |||
| Library of Congress Classification | South SEED-LPDH College Library | South SEED-LPDH College Library | South SEED-LPDH College Section | 08/05/2013 | 8 | 45 | RS 122.2 .P44 2008 | SSLC0897 | 06/05/2020 | 03/14/2020 | 2 | 08/05/2013 | Books |